000 00300nam a2200121Ia 4500
008 191201s2008 xx 000 0 und d
100 _aFISCHER, Donald E.
245 0 _aSecurity Analysis and Portfolio Management
260 _aN. Delhi
_bPHI
_c2008
300 _a691
650 _aMBA
942 _2ddc
_cBK
999 _c6550
_d6550